Diario histórico : (Registro nro. 13667)

Detalles MARC
000 -LIDER
fixed length control field 01495nam a2200325 a 4500
001 - NÚMERO DE CONTROL
Identificador de número de control
003 - IDENTIFICACDOR DE NÚMERO DE CONTROL
control field DO-SdBNP
005 - DATE AND TIME OF LATEST TRANSACTION
control field 20210819093200.0
008 - ELEMENTOS DE LONGITUD FIJA
fixed length control field 081124s1976 dr abc 000 0 spa d
040 ## - FUENTE DE CATALOGACIÓN
Agencia que crea de manera original el registro DO-SdBNP
Idioma de catalogación spa
Agencia que realiza la transcripción BPMSU
041 17 - CÓDIGOS DE OBRAS TRADUCIDAS O EN VARIOS IDIOMAS
Código del idioma del texto/archivo de sonido o separata spa
Fuente de código fre
082 ## - NÚMERO DE CLASIFICACIÓN DECIMAL DE DEWEY
Classification number 972.9304
Item number G958d 1976
Edition number 22
100 1# - ASIENTO PRINCIPAL -- NOMBRE PERSONAL
Nombre personal Guillermin, Gilbert
245 10 - MENCIÓN DE TITULO
Título Diario histórico :
Subtítulo guerra domínico-francesa de 1808 /
Mención de responsabilidad Gilbert Guillermin ; traducido del francés Armando Rodríguez.
260 ## - PUBLICACIÓN, DISTRIBUCIÓN, ETC. (PIE DE IMPRENTA)
Lugar de publicación, distribución, etc Santo Domingo :
Nombre del editor, distribuidor, etc. Santo Domingo,
Fecha de publicación, distribución, etc 1976.
300 ## - DESCRIPCIÓN FÍSICA
Extensión 287 p. :
Otros detalles físicos il., mapa., retrs. ;
Dimensiones 23 cm.
490 0# - MENCIÓN DE SERIES
Mención de serie Sociedad Dominicana de Bibliofilos;
-- Cultura dominicana
500 ## - NOTA GENERAL
Nota general Incluye portada de la primera edición en francés publicada en: París: Chez Arthus Bertrand, 1811.
500 ## - NOTA GENERAL
Nota general Incluye una hoja plegable, con el plano de la parte oriental de Santo Domingo de 1808
500 ## - NOTA GENERAL
Nota general Incluye referencias bibliográficas y notas al pie de las páginas
534 ## - NOTA SOBRE LA VERSIÓN ORIGINAL
Asiento principal del original Título original :
Mención del título original Precis historique: des derniers événemens de la partie de L'est de Saint-Domingue
Publicación, distribución, etc. del original París: Chez Arthus Bertrand, 1811.
Mención de edición del original
590 ## - NOTA LOCAL
Texto de la nota local Inventariado, 2021/VM
600 14 - ENCABEZAMIENTO DE MATERIA--NOMBRE PERSONAL
Nombre personal Guillermin, Gilbert
Subdivisión temática general Correspondencia, memorias, etc.
651 #4 - ENCABEZAMIENTO DE MATERIA--NOMBRE GEOGRÁFICO
Nombre geográfico República Dominicana
Subdivisión temática general Historia
Subdivisión cronológica Gobierno colonial francés 1795-1809
651 #4 - ENCABEZAMIENTO DE MATERIA--NOMBRE GEOGRÁFICO
Nombre geográfico República Dominicana
Subdivisión temática general Historia
Subdivisión cronológica 1809-1822
700 1# - ASIENTO SECUNDARIO -- NOMBRE PERSONAL
Nombre personal Rodríguez, Armando,
Mención de responsabilidad tr.
710 2# - ASIENTO SECUNDARIO -- NOMBRE CORPORATIVO
Nombre corporativo o de jurisdicción Sociedad Dominicana de Bibliófilos.
910 ## - VALIDACIÓN
Validación VMateo V.
942 ## - ADDED ENTRY ELEMENTS (KOHA)
Source of classification or shelving scheme Dewey Decimal Classification
Koha item type Libros
Existencias
Withdrawn status Lost status Source of classification or shelving scheme Damaged status Not for loan Collection code Home library Current library Date acquired Source of acquisition Total Checkouts Full call number Barcode Date last seen Price effective from Koha item type
    Dewey Decimal Classification     Colección Dominicana Biblioteca Pública Metropolitana Salomé Ureña Biblioteca Pública Metropolitana Salomé Ureña 08/19/2021 Luciano Martínez   BPMSU CD 972.9304 G958d 1976 BPMSU21080065 08/19/2021 08/19/2021 Libros